000
00284nam a22001337a 4500
008
170731b xxu||||| |||| 00| 0 eng d
020
_a
0070233268
041
_a
eng
080
_a
004
100
_a
32
101
_a
SHKI
245
_a
MICROPROCESSORS
_c
GIVONE, D.D
942
_2
udc
_c
BK
999
_c
22198
_d
22198